| 000 | 00542nam a2200181 i 4500 | ||
|---|---|---|---|
| 001 | 70460 | ||
| 003 | ES-MaACL | ||
| 005 | 20230906170825.0 | ||
| 007 | t| | ||
| 008 | 040726s1965 sp ||||1| spa d | ||
| 100 | 1 |
_aGarcía Ulecia, Alberto. _955349 |
|
| 245 | 1 | 0 |
_aAlas y olas / _cAlberto García Ulecia ; ilustraciones de Cloweiller. |
| 260 |
_a[Sevilla : _bs.n., _c1965] ( _fGráf. del Sur) |
||
| 300 |
_a38 p. : _bil. ; _c20 cm. |
||
| 700 | 1 |
_aCloweiller, _eil. _9206845 |
|
| 852 |
_aES-MaACL _j2046-F-17 _bR.60099 |
||
| 999 |
_c70460 _d70460 |
||